000 00373nam a22001217a 4500
082 _aTHE 200
100 _aMUHAMMAD ABDULLAH,
_957486
245 _aTH-SOF-0608-C-BAND LOW NOISE HIGH CONVERSION GAIN CASCADED HEMT MIXER
260 _aNUST COLLEGE OF EME
_bISLAMABAD
_c2018
650 _a MS-ELECT-40 MSTHESIS
_972859
700 _aDR FAROOQ AHMED BHATTI
_972860
942 _cCF
999 _c578834
_d578834